000 00869nam a2200217Ia 4500
001 15828
005 20260311171314.0
008 260306t2019||||xx |||||||||||||| ||und||
041 _aESP
082 _a620.1123
_bG366
100 _aGoodno, Barry J.
_eAUT
245 0 _aMecánica de materiales
260 _c2019
300 _axxii, 1160 páginas :
_c27 cm.
650 _aGEN
654 _aCII
856 _uhttps://itmsp.museknowledge.com/UCSP?url=https://www.ebooks7-24.com:443/?il=9440&pg=1
_zVersión digital
856 _uhttps://0u213s3ms-y-https-ebooks7--24-com.itmsp.museknowledge.com/biblioteca.aspx?t=82FA4D14-8584-48F7-9345-C34119061441
_zVéase además: Base de datos Ebook7-24
856 _uhttps://0u21ds3tr-y-https-ebooks-editorialmacro-com.itmsp.museknowledge.com/library
_zVéase además: Base de datos Macro Digital
942 _cLIB
_dJUS
_fJUS
_2ddc
999 _c15828
_d15828